000 00501nam a22001697a 4500
005 20230112120059.0
008 190918b xxu||||| |||| 00| 0 eng d
020 _a978-81-239-1536-4
041 _aeng
100 _aPARLE,AMRITA
245 _aPHARMACEUTICAL CHEMISTRY - I LABORATORY MANUAL: for first year diploma in pharmacy
250 _a1st , Ed. 2008
260 _aNEW DELHI
_bCBS PUBLISHERS AND DISTRYBUTORS PVT. LTD.
300 _a145p,
650 _aPHARMACY
_xB.PHARMA
_97083
942 _cBK
999 _c6007
_d6005